LEADER 00884nam0-2200325---450- 001 990008474250403321 005 20070226143322.0 035 $a000847425 035 $aFED01000847425 035 $a(Aleph)000847425FED01 035 $a000847425 100 $a20010426d2005----km-y0itay50------ba 101 0 $aita 102 $aIT 105 $ay-------001yy 200 1 $aOrdo amoris$econflitti terreni e felicitą celeste$fRemo Bodei 205 $a3. ed. riv. e ampl. 210 $aBologna$cIl Mulino$d2005 215 $a244 p.$d22 cm 225 1 $aIntersezioni$v285 610 0 $aAmore$aFilosofia 676 $a128.46$v21$zita 700 1$aBodei,$bRemo$f<1938- >$0120672 801 0$aIT$bUNINA$gRICA$2UNIMARC 901 $aBK 912 $a990008474250403321 952 $aP.1 FG 1344$bBibl. 55013$fFLFBC 959 $aFLFBC 996 $aOrdo amoris$9628834 997 $aUNINA LEADER 00940nam0-2200289---450- 001 990008643290403321 005 20080407092231.0 035 $a000864329 035 $aFED01000864329 035 $a(Aleph)000864329FED01 035 $a000864329 100 $a20080407d2003----km-y0itay50------ba 101 0 $aita 102 $aIT 105 $aa---a---101yy 200 1 $aRegione campania AGC sviluppo attivitą settore primario P.O.R. 2000-2006$enormativa comunitaria di riferimento per le misure cofinanziate dal FEOGA$fRegione Campania 210 $aDragoni$cIMAGO MEDIA$d2003 215 $a214 p.$d24 cm 225 1 $aDocumenti$v25 710 02$aCampania$c$0270004 801 0$aIT$bUNINA$gRICA$2UNIMARC 901 $aBK 912 $a990008643290403321 952 $a62 338.43 REG$b10048$fDAGEA 959 $aDAGEA 996 $aRegione campania AGC sviluppo attivitą settore primario P.O.R. 2000-2006$9714200 997 $aUNINA